| 000 | 00490nam a2200181Ia 4500 | ||
|---|---|---|---|
| 001 | 3831 | ||
| 008 | 140317s9999 xx 000 0 und d | ||
| 020 | _a0-87709-274-5 | ||
| 040 | _cPK-LaUMT | ||
| 082 |
_aW 658.562 _bPEG-T |
||
| 100 | _aPegels, C. Carl | ||
| 245 |
_aTotal quality management _ba survey of its important aspects _cPegels, C. Carl |
||
| 260 |
_aNew York,USA: _bBoyd & Fraser, _c1995 |
||
| 300 | _a283 p. | ||
| 546 | _aEN | ||
| 650 | _aTotal quality management | ||
| 942 | _cBK | ||
| 999 |
_c4076 _d4076 |
||